<?xml version="1.0" encoding="UTF-8"?>
<record
    xmlns:xsi="http://www.w3.org/2001/XMLSchema-instance"
    xsi:schemaLocation="http://www.loc.gov/MARC21/slim http://www.loc.gov/standards/marcxml/schema/MARC21slim.xsd"
    xmlns="http://www.loc.gov/MARC21/slim">

  <leader>02956nam a2200553Ia 4500</leader>
  <controlfield tag="001">1900</controlfield>
  <controlfield tag="008">241029s9999    xx            000 0 und d</controlfield>
  <datafield tag="010" ind1=" " ind2=" ">
    <subfield code="a">1779</subfield>
  </datafield>
  <datafield tag="041" ind1=" " ind2=" ">
    <subfield code="a">Espa&#xF1;ol</subfield>
  </datafield>
  <datafield tag="082" ind1=" " ind2=" ">
    <subfield code="a">ISFODOSU, TSC-10-0011</subfield>
  </datafield>
  <datafield tag="245" ind1=" " ind2="0">
    <subfield code="a">Importancia de las excursiones educativas en la ense&#xF1;anza de la geograf&#xED;a en el Nivel B&#xE1;sico del Distrito Educativo 10-04 Sto Dgo, Este</subfield>
  </datafield>
  <datafield tag="260" ind1=" " ind2=" ">
    <subfield code="a">Santo Domingo</subfield>
  </datafield>
  <datafield tag="300" ind1=" " ind2=" ">
    <subfield code="a">79</subfield>
  </datafield>
  <datafield tag="520" ind1=" " ind2=" ">
    <subfield code="a">46</subfield>
  </datafield>
  <datafield tag="630" ind1=" " ind2=" ">
    <subfield code="a">Ense&#xF1;anza</subfield>
  </datafield>
  <datafield tag="630" ind1=" " ind2=" ">
    <subfield code="a">Estrategia</subfield>
  </datafield>
  <datafield tag="630" ind1=" " ind2=" ">
    <subfield code="a">Geograf&#xED;a</subfield>
  </datafield>
  <datafield tag="650" ind1=" " ind2=" ">
    <subfield code="a">Ciencias Sociales</subfield>
  </datafield>
  <datafield tag="690" ind1=" " ind2=" ">
    <subfield code="a">Copiado sin cambios</subfield>
  </datafield>
  <datafield tag="700" ind1=" " ind2=" ">
    <subfield code="e">asesor</subfield>
    <subfield code="a">Paulino, Laura</subfield>
  </datafield>
  <datafield tag="700" ind1=" " ind2=" ">
    <subfield code="e">autor</subfield>
    <subfield code="a">Reyes,  Pedro Julio </subfield>
  </datafield>
  <datafield tag="700" ind1=" " ind2=" ">
    <subfield code="e">autor</subfield>
    <subfield code="a"> Pe&#xF1;a Modesto, V&#xED;ctor Neemias</subfield>
  </datafield>
  <datafield tag="901" ind1=" " ind2=" ">
    <subfield code="a">{"1":"Reyes","2":" Pe&#xF1;a Modesto"}</subfield>
    <subfield code="b">{"1":" Pedro Julio ","2":"V&#xED;ctor Neemias"}</subfield>
  </datafield>
  <datafield tag="902" ind1=" " ind2=" ">
    <subfield code="a">1</subfield>
  </datafield>
  <datafield tag="903" ind1=" " ind2=" ">
    <subfield code="a">{"1":"Paulino"}</subfield>
    <subfield code="b">{"1":"Laura"}</subfield>
  </datafield>
  <datafield tag="904" ind1=" " ind2=" ">
    <subfield code="a">Maestr&#xED;a en</subfield>
  </datafield>
  <datafield tag="905" ind1=" " ind2=" ">
    <subfield code="a">Ciencias Sociales</subfield>
  </datafield>
  <datafield tag="906" ind1=" " ind2=" ">
    <subfield code="a">1</subfield>
  </datafield>
  <datafield tag="907" ind1=" " ind2=" ">
    <subfield code="a">Orientada en</subfield>
  </datafield>
  <datafield tag="908" ind1=" " ind2=" ">
    <subfield code="a">Investigaci&#xF3;n y Ense&#xF1;anza</subfield>
  </datafield>
  <datafield tag="909" ind1=" " ind2=" ">
    <subfield code="a">ISFODOSU, Recinto F&#xE9;lix Evaristo Mej&#xED;a</subfield>
  </datafield>
  <datafield tag="910" ind1=" " ind2=" ">
    <subfield code="a">NULL</subfield>
    <subfield code="b">NULL</subfield>
  </datafield>
  <datafield tag="911" ind1=" " ind2=" ">
    <subfield code="a">["1"]</subfield>
  </datafield>
  <datafield tag="912" ind1=" " ind2=" ">
    <subfield code="a">NO APLICA</subfield>
  </datafield>
  <datafield tag="913" ind1=" " ind2=" ">
    <subfield code="a">NULL</subfield>
  </datafield>
  <datafield tag="914" ind1=" " ind2=" ">
    <subfield code="a">11 de Enero de 2010</subfield>
  </datafield>
  <datafield tag="915" ind1=" " ind2=" ">
    <subfield code="a">20/07/15 09:07</subfield>
  </datafield>
  <datafield tag="916" ind1=" " ind2=" ">
    <subfield code="a">NULL</subfield>
  </datafield>
  <datafield tag="917" ind1=" " ind2=" ">
    <subfield code="a">NULL</subfield>
  </datafield>
  <datafield tag="918" ind1=" " ind2=" ">
    <subfield code="a">NO APLICA</subfield>
  </datafield>
  <datafield tag="919" ind1=" " ind2=" ">
    <subfield code="a">["202","92","233"]</subfield>
  </datafield>
  <datafield tag="520" ind1=" " ind2=" ">
    <subfield code="a">Este estudio tuvo el prop&#xF3;sito de determinar la importancia de las excursiones educativas en la ense&#xF1;anza de la geograf&#xED;a en la planificaci&#xF3;n del centro y de igual manera en la que realiza el maestro del &#xE1;rea de sociales. Se trata de un estudio explorativo-descriptivo, con un abordaje en el enfoque cuantitativo. La investigaci&#xF3;n se llevo a cabo en tres centros educativos del nivel b&#xE1;sico del distrito educativo 10-04. Se encuestaron 5 directores, 12 docentes y 94 estudiantes.Dentro de los principales resultados se evidencian que se realizan excursiones educativas regularmente en estos centros, aunque no se percibe con claridad la planificaci&#xF3;n, aunque en algunas de ellas no existe un prop&#xF3;sito definido recurso para ense&#xF1;ar alg&#xFA;n tema de inter&#xE9;s para la geograf&#xED;a. Se pudo evidenciar que carecen de gu&#xED;as did&#xE1;cticas en cada salida educativa fuera del aula, debe asegurarse la vida de los participantes por medio del seguro estudiantil. Los docentes realizan excursiones, aunque no especifican su finalidad en el caso de ense&#xF1;ar alg&#xFA;n tipo de contenido curricular en la relaci&#xF3;n a la geograf&#xED;a Nacional.A partir de los resultados se recomienda realizar un itinerario de los lugares a visitar con fines m&#xE1;s espec&#xED;ficos, acorde con los contenidos curriculares, asimismo se recomienda tanto a directores como a docentes de estos centros, que reduzcan la cantidad de personas extra&#xF1;as en esta actividad, puramente de &#xED;ndole educativo.</subfield>
  </datafield>
  <datafield tag="921" ind1=" " ind2=" ">
    <subfield code="a">16</subfield>
  </datafield>
  <datafield tag="922" ind1=" " ind2=" ">
    <subfield code="a">16</subfield>
  </datafield>
  <datafield tag="923" ind1=" " ind2=" ">
    <subfield code="a">0</subfield>
  </datafield>
  <datafield tag="924" ind1=" " ind2=" ">
    <subfield code="a">NO APLICA</subfield>
  </datafield>
  <datafield tag="942" ind1=" " ind2=" ">
    <subfield code="c">Tesis</subfield>
  </datafield>
  <datafield tag="999" ind1=" " ind2=" ">
    <subfield code="c">1779</subfield>
    <subfield code="d">1779</subfield>
  </datafield>
</record>
